Reforma económica, estado y sociedad en Centroamérica
Сохранить в:
| Главный автор: | |
|---|---|
| Формат: | Текст |
| Опубликовано: |
San José:
FLACSO. Programa Costa Rica
|
| Предметы: | |
| Метки: |
Добавить метку
Нет меток, Требуется 1-ая метка записи!
|
MARC
| LEADER | 00000 a a2200000 04500 | ||
|---|---|---|---|
| 001 | 11733 | ||
| 003 | |||
| 040 | |||
| 090 | |a 140600 | ||
| 100 | |a Sojo Obando, Carlos | ||
| 245 | |a Reforma económica, estado y sociedad en Centroamérica | ||
| 260 | |a San José: |b FLACSO. Programa Costa Rica | ||
| 300 | |a 142 p. | ||
| 300 | |b **no definido** |b fonodiscos | ||
| 650 | |a REFORMA ECONOMICA | ||
| 650 | |a ESTADO | ||
| 650 | |a CAMBIO SOCIAL | ||
| 650 | |a EXCLUSION SOCIAL | ||
| 650 | |a POBREZA | ||
| 999 | |c 16783 |d 16783 | ||
